Catalog

Record Details

Catalog Search



Hyperaktivní předškoláci : výchova a vzdělávání dětí s ADHD  Cover Image Book Book

Hyperaktivní předškoláci : výchova a vzdělávání dětí s ADHD / Petra Škrdlíková

Available copies

  • 1 of 1 copy available at Common Catalog SPOK.

Holds

  • 0 current holds with 1 total copy.
Show Only Available Copies
Location Call Number / Copy Notes Barcode Shelving Location Status Due Date
Jabok Library Ped-3.5.1/Š 424480036815 Odborná literatura Available -

LDR 02123nam a2200589 i 4500
00123418
003CZ-PrJAB
00520151105145303.0
007ta
008150902s2015 xr f f 000 0 cze
015 . ‡acnb002728807
020 . ‡a978-80-262-0928-7 ‡q(brožováno)
035 . ‡a(CZ PrNK)nkc20152728807
040 . ‡aABA001 ‡bcze ‡erda
072 7. ‡a373.2/.3 ‡xPředškolní a primární výchova a vzdělávání ‡2Konspekt ‡922
080 . ‡a373.2 ‡2MRF
080 . ‡a316.344.6-053.2:616.89-008.481 ‡2MRF
080 . ‡a616.89-008.47-008.481 ‡2MRF
080 . ‡a616.89-008.47 ‡2MRF
080 . ‡a159.922.7 ‡2MRF
080 . ‡a37.04 ‡2MRF
080 . ‡a371.321 ‡2MRF
080 . ‡a37.018.26 ‡2MRF
080 . ‡a(072) ‡2MRF
1001 . ‡aŠkrdlíková, Petra, ‡d1968- ‡7xx0068412 ‡4aut
24510. ‡aHyperaktivní předškoláci : ‡bvýchova a vzdělávání dětí s ADHD / ‡cPetra Škrdlíková
250 . ‡aVydání první
264 1. ‡aPraha : ‡bPortál, ‡c2015
300 . ‡a137 stran ; ‡c23 cm
336 . ‡atext ‡btxt ‡2rdacontent
337 . ‡abez média ‡bn ‡2rdamedia
338 . ‡asvazek ‡bnc ‡2rdacarrier
504 . ‡aObsahuje bibliografie
65007. ‡apředškolní výchova ‡7ph124887 ‡2czenas
65007. ‡ahyperaktivní děti ‡7ph575090 ‡2czenas
65007. ‡aporucha pozornosti spojená s hyperaktivitou ‡7ph120994 ‡2czenas
65007. ‡aporucha pozornosti ‡7ph420380 ‡2czenas
65007. ‡apsychologie dítěte ‡7ph117256 ‡2czenas
65007. ‡aspeciální vzdělávací potřeby ‡7ph754025 ‡2czenas
65007. ‡apedagogické dovednosti ‡7ph157201 ‡2czenas
65007. ‡arodina a škola ‡7ph125181 ‡2czenas
65009. ‡apreschool education ‡2eczenas
65009. ‡ahyperactive children ‡2eczenas
65009. ‡aattention deficit hyperactivity disorder ‡2eczenas
65009. ‡aattention deficit disorder ‡2eczenas
65009. ‡achild psychology ‡2eczenas
65009. ‡aspecial educational needs ‡2eczenas
65009. ‡ateaching skills ‡2eczenas
65009. ‡ahome and school ‡2eczenas
655 7. ‡ametodické příručky ‡7fd132826 ‡2czenas
655 9. ‡amethodological manuals ‡2eczenas
910 . ‡aABG312
901 . ‡a23418 ‡b ‡c23418 ‡tbiblio

Additional Resources